Byene/Tettstedene i Nordland over 2,000 innbyggere - Statistics

General Stats
  • This quiz has been taken 59 times
  • The average score is 11 of 18
Answer Stats
Befolkning By % Correct
40,705 Bodø
97%
6,251 Fauske
94%
14,261 Narvik
91%
18,685 Mo i Rana
88%
9,841 Mosjøen
85%
4,630 Svolvær
79%
5,070 Brønnøysund
76%
5,345 Sortland
74%
6,043 Sandnessjøen
71%
3,351 Stokmarknes
62%
3,418 Leknes
53%
3,120 Løding
53%
2,594 Rognan
44%
2,693 Andenes
41%
2,192 Melbu
29%
2,114 Myre
18%
2,177 Hauknes
9%
2,266 Løpsmarka
9%
No matching quizzes found
Score Distribution
Percent of People with Each Score
Percentile by Number Answered
Your Score History
You have not taken this quiz